[Event "Ruhrgebiet Verbandsklasse Gruppe 2 1415"]
[Site "Germany"]
[Date "2015.04.26"]
[Round "9.6"]
[White "Hofer, Stefan"]
[Black "Lennartz, Christina"]
[Result "1/2-1/2"]
[WhiteElo "1744"]
[BlackElo "1642"]
[PlyCount "56"]
[EventDate "2014.09.21"]
[EventType "team-tourn"]
[EventRounds "9"]
[EventCountry "GER"]
[SourceTitle "EXT 2022"]
[Source "ChessBase"]
[SourceDate "2021.10.06"]
[SourceVersion "1"]
[SourceVersionDate "2021.10.06"]
[SourceQuality "1"]
[WhiteTeam "Bochum SC an der Uni"]
[BlackTeam "Brackel SF III"]
[WhiteTeamCountry "GER"]
[BlackTeamCountry "GER"]

1. d4 Nf6 2. c4 d5 3. cxd5 Qxd5 4. Nc3 Qd8 5. e4 e5 6. dxe5 Qxd1+ 7. Kxd1 Ng4 8. Nh3 Nxe5 9. Nf4 c6 10. f3 Bc5 11. Kc2 Nbd7 12. Be2 a6 13. Rd1 0-0 14. b3 Nf6 15. Na4 Ba7 16. Bb2 Nfd7 17. Bd4 Bxd4 18. Rxd4 b5 19. Nb2 Nc5 20. Rad1 f5 21. Nbd3 Nexd3 22. Nxd3 Nxd3 23. Bxd3 c5 24. Rd5 fxe4 25. Bxe4 Bb7 26. Rxc5 Bxe4+ 27. fxe4 Rae8 28. Kd3 Rf2 1/2-1/2

[Event "Dortmund Sparkassen op-B"]
[Site "Dortmund"]
[Date "2014.07.18"]
[Round "7"]
[White "Stemmler, Fabian"]
[Black "Hofer, Stefan"]
[Result "1-0"]
[WhiteElo "1555"]
[BlackElo "1743"]
[PlyCount "65"]
[EventDate "2014.07.12"]
[EventType "swiss"]
[EventRounds "9"]
[EventCountry "GER"]
[SourceTitle "EXT 2022"]
[Source "ChessBase"]
[SourceDate "2021.10.06"]
[SourceVersion "1"]
[SourceVersionDate "2021.10.06"]
[SourceQuality "1"]

1. e4 c5 2. d4 cxd4 3. c3 dxc3 4. Nxc3 Nc6 5. Bc4 d6 6. Nf3 e6 7. 0-0 Nf6 8. Qe2 Be7 9. Rd1 Bd7 10. Nb5 Qb8 11. Bg5 a6 12. Bxf6 gxf6 13. Nc3 Ne5 14. Nxe5 fxe5 15. Qh5 Qa7 16. Rd3 0-0-0 17. Rc1 Kb8 18. Ne2 Bc6 19. Ng3 Rhg8 20. Qe2 d5 21. exd5 exd5 22. Bxd5 Bb5 23. Bc4 Rxd3 24. Bxd3 Bxd3 25. Qxe5+ Ka8 26. Qxe7 Qb6 27. Qxf7 Rd8 28. Re1 Qxb2 29. h3 Bg6 30. Qc7 Rf8 31. Re2 Qb1+ 32. Kh2 Ka7 33. Qc5+ 1-0

[Event "Dortmund Sparkassen op-B"]
[Site "Dortmund"]
[Date "2014.07.15"]
[Round "4"]
[White "Hofer, Stefan"]
[Black "Olivares, Ricardo"]
[Result "1-0"]
[WhiteElo "1743"]
[BlackElo "1572"]
[PlyCount "123"]
[EventDate "2014.07.12"]
[EventType "swiss"]
[EventRounds "9"]
[EventCountry "GER"]
[SourceTitle "EXT 2022"]
[Source "ChessBase"]
[SourceDate "2021.10.06"]
[SourceVersion "1"]
[SourceVersionDate "2021.10.06"]
[SourceQuality "1"]

1. d4 Nf6 2. c4 g6 3. Nc3 Bg7 4. Nf3 0-0 5. Bf4 d6 6. e3 Nbd7 7. h3 c6 8. Be2 Qb6 9. Rb1 Re8 10. 0-0 Nf8 11. b4 Bf5 12. Bd3 Bxd3 13. Qxd3 Ne6 14. Bh2 Qd8 15. Qc2 Qd7 16. Rfd1 Rec8 17. e4 Qe8 18. e5 dxe5 19. Bxe5 Nd7 20. Bxg7 Kxg7 21. Qe4 Nc7 22. Re1 e6 23. h4 Qd8 24. Qe3 Qf6 25. Ne4 Qe7 26. Qf4 Ne8 27. h5 Nef6 28. h6+ Kg8 29. Nd6 Rcb8 30. Ng5 Rf8 31. Nxb7 Nh5 32. Qe3 Rab8 33. Na5 Rbc8 34. Nf3 Qd6 35. Ne5 Nhf6 36. a3 Nb8 37. Nb3 Qc7 38. Nd3 Qd8 39. Nbc5 Nbd7 40. Rbd1 Qc7 41. Nxd7 Nxd7 42. Qf3 Qd8 43. Ne5 Nxe5 44. Rxe5 Qh4 45. Rc5 Qxh6 46. Rxc6 Rxc6 47. Qxc6 Rd8 48. Qc7 Qg5 49. Qxa7 Qg4 50. Qa4 Rxd4 51. Rxd4 Qxd4 52. b5 Qa1+ 53. Kh2 Qe5+ 54. g3 h5 55. Qa8+ Kg7 56. Qf3 h4 57. b6 hxg3+ 58. Qxg3 Qh5+ 59. Kg2 Qe2 60. b7 Qe4+ 61. Qf3 Qe5 62. a4 1-0

[Event "NRW Verbandsliga Group1 1314"]
[Site "Nordrheinwestfalen"]
[Date "2013.10.13"]
[Round "2"]
[White "Hofer, Stefan"]
[Black "Wallhof, Dieter"]
[Result "1/2-1/2"]
[WhiteElo "1643"]
[BlackElo "1817"]
[PlyCount "80"]
[EventDate "2013.09.08"]
[EventType "team-tourn"]
[EventRounds "9"]
[EventCountry "GER"]
[SourceTitle "EXT 2020"]
[Source "ChessBase"]
[SourceDate "2019.10.17"]
[SourceVersion "1"]
[SourceVersionDate "2019.10.17"]
[SourceQuality "1"]
[WhiteTeam "Bochum SC an der Uni"]
[BlackTeam "Welper SV"]
[WhiteTeamCountry "GER"]
[BlackTeamCountry "GER"]

1. d4 Nf6 2. c4 e6 3. Nf3 b6 4. a3 Bb7 5. Nc3 d5 6. cxd5 exd5 7. Bf4 Be7 8. e3 0-0 9. h3 Nbd7 10. Bd3 c5 11. 0-0 Ne4 12. Rc1 f5 13. Nb5 c4 14. Bxe4 fxe4 15. Ne5 a6 16. Nc3 Nf6 17. f3 b5 18. fxe4 dxe4 19. Ng4 Qb6 20. Bg5 Rae8 21. Nxf6+ Bxf6 22. Qg4 Re6 23. Bxf6 Rexf6 24. Rxf6 Qxf6 25. Qe2 Qe6 26. Rf1 Rxf1+ 27. Qxf1 g5 28. Qf2 Kg7 29. Qg3 h6 30. Qc7+ Qf7 31. Qxf7+ Kxf7 32. Kf2 Kf6 33. Kg3 Kf5 34. h4 Bc6 35. hxg5 hxg5 36. Kf2 a5 37. Na2 Bd7 38. Kg3 Bc6 39. Kf2 Ke6 40. Kg3 Kf5 1/2-1/2

[Event "Dortmund Sparkassen op-B"]
[Site "Dortmund"]
[Date "2012.07.20"]
[Round "7"]
[White "Maj, Kornel"]
[Black "Hofer, Stefan"]
[Result "1-0"]
[WhiteElo "1718"]
[BlackElo "1613"]
[PlyCount "150"]
[EventDate "2012.07.14"]
[EventType "swiss"]
[EventRounds "9"]
[EventCountry "GER"]
[SourceTitle "EXT 2014"]
[Source "ChessBase"]
[SourceDate "2013.11.20"]
[SourceVersion "1"]
[SourceVersionDate "2013.11.20"]
[SourceQuality "1"]

1. c4 c5 2. Nf3 Nf6 3. g3 g6 4. Bg2 Bg7 5. 0-0 Nc6 6. Nc3 0-0 7. d3 d6 8. Bd2 Bd7 9. a3 Rb8 10. Rb1 a6 11. e3 b5 12. b3 b4 13. axb4 Nxb4 14. d4 Qc8 15. Re1 Re8 16. d5 Bg4 17. Qe2 Nd7 18. h3 Bxf3 19. Bxf3 Ne5 20. Bg2 Ned3 21. Red1 f5 22. f4 Ra8 23. Na4 Qc7 24. Bc3 Bxc3 25. Nxc3 Reb8 26. Rxd3 Nxd3 27. Qxd3 Rb6 28. Bf3 Rab8 29. Bd1 Qb7 30. Rb2 Rb4 31. Re2 Qd7 32. Kg2 Rxb3 33. Bxb3 Rxb3 34. Qc2 Qb7 35. Nd1 Qb4 36. Rd2 a5 37. Rd3 Rb1 38. Nf2 a4 39. Qa2 Rb3 40. Qc2 Rb2 41. Qc3 Rb3 42. Qxb4 Rxb4 43. Rc3 a3 44. Rxa3 Rxc4 45. Ra1 Rc3 46. Kf3 Kf7 47. g4 h6 48. Rd1 Ra3 49. Ke2 Ke8 50. gxf5 gxf5 51. Nh1 Kd7 52. Ng3 e6 53. dxe6+ Kxe6 54. Nxf5 Kxf5 55. Rxd6 Ke4 56. Re6+ Kd5 57. Rxh6 c4 58. Rh5+ Kc6 59. Re5 Ra2+ 60. Kd1 Kd6 61. h4 Rh2 62. h5 c3 63. h6 Rxh6 64. Kc2 Rh1 65. Kxc3 Rf1 66. Kd4 Ra1 67. Ke4 Ra4+ 68. Kf5 Ra1 69. e4 Ra2 70. Re6+ Kd7 71. Kf6 Rf2 72. f5 Kd8 73. Kf7 Rf1 74. f6 Ra1 75. Re8+ Kd7 1-0

[Event "Dortmund op-B"]
[Site "Dortmund"]
[Date "2009.07.05"]
[Round "2"]
[White "Hofer, Stefan"]
[Black "Finke, Lara"]
[Result "1-0"]
[WhiteElo "1572"]
[BlackElo "1235"]
[PlyCount "65"]
[EventDate "2009.07.04"]
[EventType "swiss"]
[EventRounds "9"]
[EventCountry "GER"]
[SourceTitle "EXT 2012"]
[Source "ChessBase"]
[SourceDate "2011.11.24"]
[SourceVersion "1"]
[SourceVersionDate "2011.11.24"]
[SourceQuality "1"]

1. d4 d5 2. c4 c6 3. Nc3 Nf6 4. Nf3 e6 5. Bg5 h6 6. Bh4 Be7 7. e3 0-0 8. Bd3 Nbd7 9. Rc1 b6 10. cxd5 cxd5 11. 0-0 Bb7 12. Qe2 a6 13. Rc2 b5 14. Rfc1 Rc8 15. Nb1 Rxc2 16. Rxc2 Qb8 17. Ne5 Qd8 18. Nc6 Qe8 19. Nxe7+ Qxe7 20. Rc7 Bc8 21. Qc2 Qd8 22. Nd2 Re8 23. Nf3 Nb6 24. Qc6 Na4 25. Ne5 Rf8 26. Nxf7 Rxf7 27. Rxc8 Qxc8 28. Qxc8+ Rf8 29. Qxe6+ Kh8 30. Bxf6 gxf6 31. Qf5 Rf7 32. Qg6 Rg7 33. Qxf6 1-0